000
00334nam a2200133Ia 4500
008
210312s9999||||xx |||||||||||||| ||und||
041
_a
osm
050
_a
DR471
050
_b
V4519
100
_a
Vellay, Charles
245
0
_a
Anadolu'nun istikbâli ve Akdeniz meselesi
260
_c
1329
650
_a
Tarih--Türkiye--Dış ilişkiler
999
_c
22324
_d
22324